The role of forest fragment in bird diversity conservation within a rubber forest plantation ecosystem (Record no. 70983)

MARC details
000 -LEADER
fixed length control field 00666nam a2200133Ia 4500
100 ## - MAIN ENTRY--AUTHOR NAME
Personal name Radhiah A K
245 #4 - TITLE STATEMENT
Title The role of forest fragment in bird diversity conservation within a rubber forest plantation ecosystem
260 ## - PUBLICATION, DISTRIBUTION, ETC. (IMPRINT)
Name of publisher Sustainability of the NR Industry: Issues, Challenges & Opportunities: International Rubber Conference,21-22 November 2016, Cambodian Rubber Research Institute (CRRI) and International Rubber Research and Development Board (IRRDB), Siem Reap, Cambodia, pp.492-499.
650 ## - SUBJECT ADDED ENTRY--TOPICAL TERM
Topical Term Bird diversity
650 ## - SUBJECT ADDED ENTRY--TOPICAL TERM
Topical Term Forest fragment
650 ## - SUBJECT ADDED ENTRY--TOPICAL TERM
Topical Term Rubber forest plantation
942 ## - ADDED ENTRY ELEMENTS (KOHA)
Koha item type Journals
Holdings
Withdrawn status Lost status Damaged status Not for loan Home library Current library Shelving location Date acquired Koha item type
      Journals RRII Library RRII Library Rubber general 01/01/2021 Journals